00342nam a2200121Ia 4500008004000000082001500040100001700055245005500072250000500127260003800132300001200170650003800182210210b1993 xxu||||| |||| 00| 0 eng d a659.2 BALA aBALAN (K R). aApplied public relations and communications. Ed 3. a aDelhi.bSultan Chand & Sonsc1993 axiv,755 aPublic Relations, Communication